00481nam a22001697a 4500999001700000020001500017020001900032082001100051100002400062245004200086260003500128300001200163650002500175700002400200942000700224952008000231 c15277d15277 a0130189987 a978-0130189981 a658HOR aHorne, James C. Van aFundamentals of Financial Management  aLondon:bPrentice-Hall,c2003. a743p. ; aFinancial Management aWachowicz, John M.  cBK 00104070aLFGbLFGd2016-03-17l0o658HORpD1290r2016-03-17 00:00:00yBK